Glosario de conservación de suelos y aguas /
-д хадгалсан:
| Формат: | Ном |
|---|---|
| Хэл сонгох: | испани |
| Хэвлэсэн: |
México :
Centro Regional de Ayuda Técnica,
1963
|
| Хэвлэл: | 2a edición |
| Нөхцлүүд: | |
| Шошгууд: |
Шошго байхгүй, Энэхүү баримтыг шошголох эхний хүн болох!
|
MARC
| LEADER | 00000nam^a2200000^a^4500 | ||
|---|---|---|---|
| 001 | 000040961 | ||
| 005 | 20250521000000.0 | ||
| 009 | 20260310085638.729 | ||
| 037 | |a Acervo ITESO - Biblioteca | ||
| 041 | |a ESP | ||
| 082 | |a 631. 403 |b SOI | ||
| 245 | 1 | 0 | |a Glosario de conservación de suelos y aguas / |c Soil Conservation Society of America. |
| 250 | |a 2a edición | ||
| 264 | 1 | |a México : |b Centro Regional de Ayuda Técnica, |c 1963 | |
| 300 | |a 226 p. | ||
| 336 | |a texto |b txt |2 rdacontenido | ||
| 337 | |a sin mediación |b n |2 rdamedio | ||
| 338 | |a volumen |b nc |2 rdasoporte | ||
| 546 | |a Edición bilingüe español-inglés | ||
| 649 | |a XX | ||
| 650 | |a Agricultura - |x Aspectos Tecnológicos | ||
| 650 | |a Suelos - |x Conservación | ||
| 650 | |a Agricultura | ||
| 650 | |a Agua | ||
| 910 | |a Fondo General | ||
| 920 | |a Impresos - Libros | ||
| 930 | |a Obras de Referencia | ||
| 905 | |a 102 | ||
| 901 | |a 0409610100 |b IT2 |c REF |i 040961 |u 20250521 | ||
| 902 | |a https://opac.biblio.iteso.mx/vufind/Record/000040961 | ||